<?xml version="1.0" encoding="UTF-8"?>
<record
    xmlns:xsi="http://www.w3.org/2001/XMLSchema-instance"
    xsi:schemaLocation="http://www.loc.gov/MARC21/slim http://www.loc.gov/standards/marcxml/schema/MARC21slim.xsd"
    xmlns="http://www.loc.gov/MARC21/slim">

  <leader>03460nam a2200445 a 4500</leader>
  <controlfield tag="005">20091219103029.0</controlfield>
  <controlfield tag="008">080508s2008    ctua          000 0 eng  </controlfield>
  <datafield tag="010" ind1=" " ind2=" ">
    <subfield code="a">G-001725</subfield>
  </datafield>
  <datafield tag="020" ind1=" " ind2=" ">
    <subfield code="a">9788176558488</subfield>
    <subfield code="c">150.00</subfield>
  </datafield>
  <datafield tag="020" ind1=" " ind2=" ">
    <subfield code="a">81765584886</subfield>
    <subfield code="c">150.00</subfield>
  </datafield>
  <datafield tag="035" ind1=" " ind2=" ">
    <subfield code="a">B-389587-600</subfield>
  </datafield>
  <datafield tag="035" ind1=" " ind2=" ">
    <subfield code="a">G-001725</subfield>
  </datafield>
  <datafield tag="037" ind1=" " ind2=" ">
    <subfield code="b">Scholastic </subfield>
  </datafield>
  <datafield tag="040" ind1=" " ind2=" ">
    <subfield code="a">dpl</subfield>
    <subfield code="b">English </subfield>
  </datafield>
  <datafield tag="082" ind1=" " ind2=" ">
    <subfield code="a">S</subfield>
  </datafield>
  <datafield tag="100" ind1=" " ind2=" ">
    <subfield code="a">Anupa Lal </subfield>
    <subfield code="9">35238</subfield>
  </datafield>
  <datafield tag="245" ind1=" " ind2=" ">
    <subfield code="a">Tales from the Arabian Nights /</subfield>
    <subfield code="c">by Anupa Lal </subfield>
  </datafield>
  <datafield tag="260" ind1=" " ind2=" ">
    <subfield code="a">Gurgaon </subfield>
    <subfield code="b">Scholastic</subfield>
    <subfield code="c">2009(repr.). </subfield>
  </datafield>
  <datafield tag="270" ind1=" " ind2=" ">
    <subfield code="a">Golf View Corporate Tower-A, 3rd Floor, DLF Phase-V, </subfield>
    <subfield code="b">Gurgaon </subfield>
    <subfield code="e">122002</subfield>
  </datafield>
  <datafield tag="300" ind1=" " ind2=" ">
    <subfield code="a">ix, 148p.</subfield>
    <subfield code="c">20cm(pbk) </subfield>
  </datafield>
  <datafield tag="520" ind1=" " ind2=" ">
    <subfield code="a">Collects anecdotes from teenagers about friendship, peer pressure, self-acceptance, family life, relationships, and overcoming obstacles.</subfield>
  </datafield>
  <datafield tag="942" ind1=" " ind2=" ">
    <subfield code="2">ddc</subfield>
    <subfield code="c">CH</subfield>
    <subfield code="m">ANU</subfield>
    <subfield code="h">S</subfield>
  </datafield>
  <datafield tag="999" ind1=" " ind2=" ">
    <subfield code="c">33245</subfield>
    <subfield code="d">33245</subfield>
  </datafield>
  <datafield tag="952" ind1=" " ind2=" ">
    <subfield code="0">0</subfield>
    <subfield code="1">0</subfield>
    <subfield code="2">ddc</subfield>
    <subfield code="4">0</subfield>
    <subfield code="7">0</subfield>
    <subfield code="8">FIC</subfield>
    <subfield code="a">M</subfield>
    <subfield code="b">M</subfield>
    <subfield code="d">2010-06-25</subfield>
    <subfield code="e">Scholastic /757/29.03.10/664/27.01.10/29.03.10</subfield>
    <subfield code="g">150.00</subfield>
    <subfield code="l">0</subfield>
    <subfield code="o">S ANU</subfield>
    <subfield code="p">B-389587</subfield>
    <subfield code="r">2010-06-25 00:00:00</subfield>
    <subfield code="t">4</subfield>
    <subfield code="v">150.00</subfield>
    <subfield code="w">2010-06-25</subfield>
    <subfield code="y">CH</subfield>
  </datafield>
  <datafield tag="952" ind1=" " ind2=" ">
    <subfield code="0">0</subfield>
    <subfield code="1">0</subfield>
    <subfield code="2">ddc</subfield>
    <subfield code="4">0</subfield>
    <subfield code="7">0</subfield>
    <subfield code="8">FIC</subfield>
    <subfield code="a">M</subfield>
    <subfield code="b">M</subfield>
    <subfield code="d">2010-06-25</subfield>
    <subfield code="e">Scholastic /757/29.03.10/664/27.01.10/29.03.10</subfield>
    <subfield code="g">150.00</subfield>
    <subfield code="l">0</subfield>
    <subfield code="o">S ANU</subfield>
    <subfield code="p">B-389588</subfield>
    <subfield code="r">2010-06-25 00:00:00</subfield>
    <subfield code="t">4</subfield>
    <subfield code="v">150.00</subfield>
    <subfield code="w">2010-06-25</subfield>
    <subfield code="y">CH</subfield>
  </datafield>
  <datafield tag="952" ind1=" " ind2=" ">
    <subfield code="0">0</subfield>
    <subfield code="1">0</subfield>
    <subfield code="2">ddc</subfield>
    <subfield code="4">0</subfield>
    <subfield code="7">0</subfield>
    <subfield code="8">FIC</subfield>
    <subfield code="a">M</subfield>
    <subfield code="b">M</subfield>
    <subfield code="d">2010-06-25</subfield>
    <subfield code="e">Scholastic /757/29.03.10/664/27.01.10/29.03.10</subfield>
    <subfield code="g">150.00</subfield>
    <subfield code="l">0</subfield>
    <subfield code="o">S ANU</subfield>
    <subfield code="p">B-389589</subfield>
    <subfield code="r">2010-06-25 00:00:00</subfield>
    <subfield code="t">4</subfield>
    <subfield code="v">150.00</subfield>
    <subfield code="w">2010-06-25</subfield>
    <subfield code="y">CH</subfield>
  </datafield>
  <datafield tag="952" ind1=" " ind2=" ">
    <subfield code="0">0</subfield>
    <subfield code="1">0</subfield>
    <subfield code="2">ddc</subfield>
    <subfield code="4">0</subfield>
    <subfield code="7">0</subfield>
    <subfield code="8">FIC</subfield>
    <subfield code="a">M</subfield>
    <subfield code="b">M</subfield>
    <subfield code="d">2010-06-25</subfield>
    <subfield code="e">Scholastic /757/29.03.10/664/27.01.10/29.03.10</subfield>
    <subfield code="g">150.00</subfield>
    <subfield code="l">0</subfield>
    <subfield code="o">S ANU</subfield>
    <subfield code="p">B-389590</subfield>
    <subfield code="r">2010-06-25 00:00:00</subfield>
    <subfield code="t">4</subfield>
    <subfield code="v">150.00</subfield>
    <subfield code="w">2010-06-25</subfield>
    <subfield code="y">CH</subfield>
  </datafield>
  <datafield tag="952" ind1=" " ind2=" ">
    <subfield code="0">0</subfield>
    <subfield code="1">0</subfield>
    <subfield code="2">ddc</subfield>
    <subfield code="4">0</subfield>
    <subfield code="7">0</subfield>
    <subfield code="8">FIC</subfield>
    <subfield code="a">L</subfield>
    <subfield code="b">L</subfield>
    <subfield code="d">2010-06-25</subfield>
    <subfield code="e">Scholastic /757/29.03.10/664/27.01.10/29.03.10</subfield>
    <subfield code="g">150.00</subfield>
    <subfield code="l">2</subfield>
    <subfield code="o">S ANU</subfield>
    <subfield code="p">B-389591</subfield>
    <subfield code="r">2022-07-13 00:00:00</subfield>
    <subfield code="s">2022-07-09</subfield>
    <subfield code="t">1</subfield>
    <subfield code="v">150.00</subfield>
    <subfield code="w">2010-06-25</subfield>
    <subfield code="y">CH</subfield>
  </datafield>
  <datafield tag="952" ind1=" " ind2=" ">
    <subfield code="0">0</subfield>
    <subfield code="1">5</subfield>
    <subfield code="2">ddc</subfield>
    <subfield code="4">0</subfield>
    <subfield code="7">0</subfield>
    <subfield code="8">FIC</subfield>
    <subfield code="a">BL1</subfield>
    <subfield code="b">BL1</subfield>
    <subfield code="d">2010-06-25</subfield>
    <subfield code="e">Scholastic /757/29.03.10/664/27.01.10/29.03.10</subfield>
    <subfield code="g">150.00</subfield>
    <subfield code="l">0</subfield>
    <subfield code="o">S ANU</subfield>
    <subfield code="p">B-389592</subfield>
    <subfield code="r">2010-06-25 00:00:00</subfield>
    <subfield code="t">1</subfield>
    <subfield code="v">150.00</subfield>
    <subfield code="y">CH</subfield>
  </datafield>
  <datafield tag="952" ind1=" " ind2=" ">
    <subfield code="0">0</subfield>
    <subfield code="1">0</subfield>
    <subfield code="2">ddc</subfield>
    <subfield code="4">0</subfield>
    <subfield code="7">0</subfield>
    <subfield code="8">FIC</subfield>
    <subfield code="a">JP</subfield>
    <subfield code="b">JP</subfield>
    <subfield code="d">2010-06-25</subfield>
    <subfield code="e">Scholastic /757/29.03.10/664/27.01.10/29.03.10</subfield>
    <subfield code="g">150.00</subfield>
    <subfield code="l">12</subfield>
    <subfield code="o">S ANU</subfield>
    <subfield code="p">B-389593</subfield>
    <subfield code="r">2022-06-27 00:00:00</subfield>
    <subfield code="s">2022-06-15</subfield>
    <subfield code="t">1</subfield>
    <subfield code="v">150.00</subfield>
    <subfield code="w">2010-06-25</subfield>
    <subfield code="y">CH</subfield>
  </datafield>
  <datafield tag="952" ind1=" " ind2=" ">
    <subfield code="0">0</subfield>
    <subfield code="1">0</subfield>
    <subfield code="2">ddc</subfield>
    <subfield code="4">0</subfield>
    <subfield code="7">0</subfield>
    <subfield code="8">FIC</subfield>
    <subfield code="a">ZLS</subfield>
    <subfield code="b">ZLS</subfield>
    <subfield code="d">2010-06-25</subfield>
    <subfield code="e">Scholastic /757/29.03.10/664/27.01.10/29.03.10</subfield>
    <subfield code="g">150.00</subfield>
    <subfield code="l">0</subfield>
    <subfield code="o">S ANU</subfield>
    <subfield code="p">B-389594</subfield>
    <subfield code="r">2010-06-25 00:00:00</subfield>
    <subfield code="t">1</subfield>
    <subfield code="v">150.00</subfield>
    <subfield code="w">2010-06-25</subfield>
    <subfield code="y">CH</subfield>
  </datafield>
  <datafield tag="952" ind1=" " ind2=" ">
    <subfield code="0">0</subfield>
    <subfield code="1">0</subfield>
    <subfield code="2">ddc</subfield>
    <subfield code="4">0</subfield>
    <subfield code="7">0</subfield>
    <subfield code="8">FIC</subfield>
    <subfield code="a">RKP</subfield>
    <subfield code="b">RKP</subfield>
    <subfield code="d">2010-06-25</subfield>
    <subfield code="e">Scholastic /757/29.03.10/664/27.01.10/29.03.10</subfield>
    <subfield code="g">150.00</subfield>
    <subfield code="l">0</subfield>
    <subfield code="o">S ANU</subfield>
    <subfield code="p">B-389595</subfield>
    <subfield code="r">2010-06-25 00:00:00</subfield>
    <subfield code="t">1</subfield>
    <subfield code="v">150.00</subfield>
    <subfield code="w">2010-06-25</subfield>
    <subfield code="y">CH</subfield>
  </datafield>
  <datafield tag="952" ind1=" " ind2=" ">
    <subfield code="0">0</subfield>
    <subfield code="1">0</subfield>
    <subfield code="2">ddc</subfield>
    <subfield code="4">0</subfield>
    <subfield code="7">0</subfield>
    <subfield code="8">FIC</subfield>
    <subfield code="a">VP</subfield>
    <subfield code="b">VP</subfield>
    <subfield code="d">2010-06-25</subfield>
    <subfield code="e">Scholastic /757/29.03.10/664/27.01.10/29.03.10</subfield>
    <subfield code="g">150.00</subfield>
    <subfield code="l">3</subfield>
    <subfield code="o">S ANU</subfield>
    <subfield code="p">B-389596</subfield>
    <subfield code="r">2015-07-31 00:00:00</subfield>
    <subfield code="s">2015-07-17</subfield>
    <subfield code="t">1</subfield>
    <subfield code="v">150.00</subfield>
    <subfield code="w">2010-06-25</subfield>
    <subfield code="y">CH</subfield>
  </datafield>
  <datafield tag="952" ind1=" " ind2=" ">
    <subfield code="0">0</subfield>
    <subfield code="1">0</subfield>
    <subfield code="2">ddc</subfield>
    <subfield code="4">0</subfield>
    <subfield code="7">0</subfield>
    <subfield code="8">FIC</subfield>
    <subfield code="a">BL3</subfield>
    <subfield code="b">BL3</subfield>
    <subfield code="d">2010-06-25</subfield>
    <subfield code="e">Scholastic /757/29.03.10/664/27.01.10/29.03.10</subfield>
    <subfield code="g">150.00</subfield>
    <subfield code="l">0</subfield>
    <subfield code="o">S ANU</subfield>
    <subfield code="p">B-389597</subfield>
    <subfield code="r">2010-06-25 00:00:00</subfield>
    <subfield code="t">1</subfield>
    <subfield code="v">150.00</subfield>
    <subfield code="w">2010-06-25</subfield>
    <subfield code="y">CH</subfield>
  </datafield>
  <datafield tag="952" ind1=" " ind2=" ">
    <subfield code="0">0</subfield>
    <subfield code="1">0</subfield>
    <subfield code="2">ddc</subfield>
    <subfield code="4">0</subfield>
    <subfield code="7">0</subfield>
    <subfield code="8">FIC</subfield>
    <subfield code="a">NR</subfield>
    <subfield code="b">NR</subfield>
    <subfield code="d">2010-06-25</subfield>
    <subfield code="e">Scholastic /757/29.03.10/664/27.01.10/29.03.10</subfield>
    <subfield code="g">150.00</subfield>
    <subfield code="l">0</subfield>
    <subfield code="o">S ANU</subfield>
    <subfield code="p">B-389598</subfield>
    <subfield code="r">2010-06-25 00:00:00</subfield>
    <subfield code="t">1</subfield>
    <subfield code="v">150.00</subfield>
    <subfield code="w">2010-06-25</subfield>
    <subfield code="y">CH</subfield>
  </datafield>
  <datafield tag="952" ind1=" " ind2=" ">
    <subfield code="0">0</subfield>
    <subfield code="1">0</subfield>
    <subfield code="2">ddc</subfield>
    <subfield code="4">0</subfield>
    <subfield code="7">0</subfield>
    <subfield code="8">FIC</subfield>
    <subfield code="a">BN</subfield>
    <subfield code="b">BN</subfield>
    <subfield code="d">2010-06-25</subfield>
    <subfield code="e">Scholastic /757/29.03.10/664/27.01.10/29.03.10</subfield>
    <subfield code="g">150.00</subfield>
    <subfield code="l">1</subfield>
    <subfield code="o">S ANU</subfield>
    <subfield code="p">B-389599</subfield>
    <subfield code="r">2022-02-24 00:00:00</subfield>
    <subfield code="s">2022-02-05</subfield>
    <subfield code="t">1</subfield>
    <subfield code="v">150.00</subfield>
    <subfield code="w">2010-06-25</subfield>
    <subfield code="y">CH</subfield>
  </datafield>
  <datafield tag="952" ind1=" " ind2=" ">
    <subfield code="0">0</subfield>
    <subfield code="1">5</subfield>
    <subfield code="2">ddc</subfield>
    <subfield code="4">0</subfield>
    <subfield code="7">0</subfield>
    <subfield code="8">FIC</subfield>
    <subfield code="a">BL4</subfield>
    <subfield code="b">BL4</subfield>
    <subfield code="d">2010-06-25</subfield>
    <subfield code="e">Scholastic /757/29.03.10/664/27.01.10/29.03.10</subfield>
    <subfield code="g">150.00</subfield>
    <subfield code="l">0</subfield>
    <subfield code="o">S ANU</subfield>
    <subfield code="p">B-389600</subfield>
    <subfield code="r">2010-06-25 00:00:00</subfield>
    <subfield code="t">1</subfield>
    <subfield code="v">150.00</subfield>
    <subfield code="y">CH</subfield>
  </datafield>
  <datafield tag="952" ind1=" " ind2=" ">
    <subfield code="0">0</subfield>
    <subfield code="1">0</subfield>
    <subfield code="2">ddc</subfield>
    <subfield code="4">0</subfield>
    <subfield code="7">0</subfield>
    <subfield code="8">FIC</subfield>
    <subfield code="a">JP</subfield>
    <subfield code="b">JP</subfield>
    <subfield code="d">2011-10-05</subfield>
    <subfield code="e">gift</subfield>
    <subfield code="g">150.00</subfield>
    <subfield code="l">14</subfield>
    <subfield code="m">4</subfield>
    <subfield code="o">S ANU</subfield>
    <subfield code="p">G-001725</subfield>
    <subfield code="r">2021-09-06 00:00:00</subfield>
    <subfield code="s">2021-07-17</subfield>
    <subfield code="t">1</subfield>
    <subfield code="v">150.00</subfield>
    <subfield code="w">2011-10-05</subfield>
    <subfield code="y">CH</subfield>
  </datafield>
</record>
